<?xml version="1.0" encoding="UTF-8"?>
<marc:record xmlns:marc="http://www.loc.gov/MARC21/slim">
   <marc:leader>00000nam a2200000 a 4500</marc:leader>
   <marc:datafield ind1="1" ind2=" " tag="100">
      <marc:subfield code="a">Baumgart, Klaus</marc:subfield>
   </marc:datafield>
   <marc:datafield ind1=" " ind2=" " tag="653">
      <marc:subfield code="a">Zeichentrickfilm</marc:subfield>
   </marc:datafield>
   <marc:datafield ind1="0" ind2="0" tag="245">
      <marc:subfield code="a">Lauras Stern 4</marc:subfield>
   </marc:datafield>
   <marc:datafield ind1=" " ind2="1" tag="264">
      <marc:subfield code="a">Hamburg</marc:subfield>
      <marc:subfield code="b">Warner Bros Entertainment GmbH</marc:subfield>
      <marc:subfield code="c">2008</marc:subfield>
   </marc:datafield>
   <marc:datafield ind1="1" ind2=" " tag="520">
      <marc:subfield code="a">12 neue spannende Geschichten von Laura und ihrem Stern! Draußen regnet es schon den ganzen Tag. Laura und Tommy liegen auf dem Boden über Omas Rätselheft gebeugt. Als Laura das Heft weglegen will, fällt plötzlich eine Postkarte aus dem Heft, die eine afrikanische Steppe mit einem Elefanten und einer Giraffe zeigt. Eine Reise nach Afrika! das ist der Preis, den man gewinnen kann - wenn man das richtige Lösungswort für das Rätsel abschickt: Da Oma bald Geburtstag hat, kommt Laura eine Idee...</marc:subfield>
   </marc:datafield>
   <marc:datafield ind1=" " ind2=" " tag="020">
      <marc:subfield code="a">7321925012200</marc:subfield>
      <marc:subfield code="9">7321925012200</marc:subfield>
   </marc:datafield>
   <marc:datafield ind1="3" ind2=" " tag="024">
      <marc:subfield code="a">7321925012200</marc:subfield>
   </marc:datafield>
   <marc:datafield ind1="0" ind2=" " tag="490">
      <marc:subfield code="v">0</marc:subfield>
   </marc:datafield>
   <marc:datafield ind1=" " ind2=" " tag="300">
      <marc:subfield code="a">1 DVD (PAL, Ländercode 2, 140 Min.) : farbig, mit Ton</marc:subfield>
   </marc:datafield>
</marc:record>
